| 000 | 00780nam a2200181Ia 4500 | ||
|---|---|---|---|
| 008 | 151202s9999||||xx |||||||||||||| ||und|| | ||
| 082 | _bPNVM-69764 | ||
| 100 | _aधारप नारायण. | ||
| 245 | _aमहंतांचे प्रस्थान आणि इतर विलक्षण कथा. | ||
| 260 | _b"दिलीप प्रकाशन, मुंबई." | ||
| 260 | _c69764 | ||
| 300 | _a144 | ||
| 600 | _aधारप नारायण. | ||
| 630 | _aमहंतांचे प्रस्थान आणि इतर विलक्षण कथा. | ||
| 700 | _aधारप नारायण. | ||
| 730 | _aमहंतांचे प्रस्थान आणि इतर विलक्षण कथा. | ||
| 942 | _cBOOK | ||
| 999 |
_c1336274 _d1336271 |
||